| 000 | 00940nam a22002297a 4500 | ||
|---|---|---|---|
| 005 | 20120921103921.0 | ||
| 008 | 120921t xxu||||| |||| 00| 0 eng d | ||
| 010 | _aENG-105912 | ||
| 020 |
_a9788184553901 _c750.00 |
||
| 035 | _aEN-89445 | ||
| 037 | _bDBAD/PUB | ||
| 040 |
_aDPL _bEnglish |
||
| 082 | _a307.720954 | ||
| 100 |
_952247 _aTripathi, Adarsh Kumar |
||
| 245 |
_aRural problems in India / _cby Adarsh Kumar Tripathi [and] Madhusoodan Tripathi |
||
| 260 |
_aNew Delhi _bOmega Publications _c2012 |
||
| 270 |
_a4378/4B, G-4 JMD House, Murari Lal Street, Ansari Road, Daryaganj _bNew Delhi _e110002 _momega_publications@yahoo.com |
||
| 300 |
_a242p. _c22cm(Hb) |
||
| 700 |
_aTripathi, Madhusoodan _952513 |
||
| 942 |
_2ddc _cEN _h307.720954 _mTRI |
||
| 999 |
_c70173 _d70173 |
||